| 000 | 00599nam a2200181 i 4500 | ||
|---|---|---|---|
| 001 | 140817 | ||
| 003 | ES-MaACL | ||
| 005 | 20250702063104.0 | ||
| 007 | t| | ||
| 008 | 070917s1947 sp ||||1| spa d | ||
| 100 | 1 |
_aWilde, Oscar, _d1854-1900 _9241147 |
|
| 245 | 1 | 0 |
_aObras de Oscar Wilde. _n, . 2, _pTeatro, ensayos, poemas / _c[traducción de Julio Gómez de la Serna...]. |
| 260 |
_aMadrid : _bBiblioteca Nueva, _c[1947] |
||
| 300 |
_a1043 p. ; _c17 cm. |
||
| 700 | 1 |
_aGómez de la Serna, Julio, _d1895-1983 _957899 |
|
| 852 |
_aES-MaACL _jD-5714 _bR.27343 |
||
| 999 |
_c140817 _d140817 |
||